Znovuzrození /

Hlavní autor: Brežnev, Leonid Il'jič, 1906-1982
Další autoři: Michna, Vladimír, 1927-
Jazyk: Čeština
Vydáno: Praha : Lidové nakladatelství, 1978
Vydání: 1. vyd.
Externí odkaz: Digitalizovaný dokument
Fyzický popis: 109 s., [8] s. obr. příl. : il., portréty ; 8°
Knihy
Uloženo v:
LEADER 01663nam a22003492a 4500
001 000427862
003 CZ BrMZK
005 20111025125806.0
007 ta
008 990307s1978 xr ac f cze d
015 |a cnb000162960  |z cnb000140954 
035 |a (OCoLC)85260760 
040 |a BOA001  |b cze 
041 1 |a cze  |h rus 
080 9 |a 882-94 :[92 Brežnev, L. I.:33(47) "1946/1950" 
100 1 |a Brežnev, Leonid Il'jič,  |d 1906-1982  |7 jn19990210130  |4 aut 
245 1 0 |a Znovuzrození /  |c Leonid Iljič Brežněv ; z ruského originálu ... přeložil Vladimír Michna 
250 |a 1. vyd. 
260 |a Praha :  |b Lidové nakladatelství,  |c 1978 
300 |a 109 s., [8] s. obr. příl. :  |b il., portréty ;  |c 8° 
500 |a 42000 výt. 
700 1 |a Michna, Vladimír,  |d 1927-  |7 jk01081493  |4 trl 
765 0 |t Vozroždenije  |9 Česky 
856 4 1 |u http://www.digitalniknihovna.cz/mzk/uuid/uuid:1b4f67f0-a2a1-11e3-b833-005056827e52  |y Digitalizovaný dokument  |x NDK 
910 |a BOA001  |b PK-0084.160  |b 2-0798.925 
990 |a BK 
996 6 |b 2619394848  |c 2-0798.925  |l MZK  |r Sklad / do 1 hodiny  |n 0  |w 000427862  |u 000030  |a 1  |e BOA001  |j MZK50  |s P 
996 7 |b 2619394849  |c 2-0798.925  |l MZK  |r Sklad / do 1 hodiny  |n 0  |w 000427862  |u 000040  |a 1  |e BOA001  |j MZK50  |s A 
996 7 |b 2619394850  |c 2-0798.925  |l MZK  |r Sklad / do 1 hodiny  |n 0  |w 000427862  |u 000050  |a 1  |e BOA001  |j MZK50  |s A 
996 7 |b 2619394851  |c 2-0798.925  |l MZK  |r Sklad / do 1 hodiny  |n 0  |w 000427862  |u 000020  |a 1  |e BOA001  |j MZK50  |s A 
996 7 |b 2619394855  |c 2-0798.925  |l MZK  |r Sklad / do 1 hodiny  |n 0  |w 000427862  |u 000060  |a 1  |e BOA001  |j MZK50  |s A 
996 7 |b 3119826633  |c PK-0084.160  |l MZK  |r Sklad / do 1 hodiny  |n 0  |w 000427862  |u 000010  |a 1  |e BOA001  |j MZK50  |s A